ANNO VERO MDCCXC INCENDIO SUPER TRISTE RUDO INSTAURAVIT ALEXANDER MADACH D MDCCXC

Bibliographic Details
Main Author: Gajdoš, Milan (Author)
Format: Article
Language:Slovak

MARC

LEADER 00000nab a2200000uu 4500
001 vtls010902643
003 SK-MaSNL
005 20260303115728.0
008 230127|1973 xo |||||||||||||||||slo|
015 |a SNBRB 
035 |a (urnnbn)urn:nbn:sk:snk:ar-a07p7g 
035 |a (uuid)18c00bba-f901-4fd5-af99-0ae064b4286a 
035 |a urn:nbn:sk:snk-ab8tux 
040 |a SNKBUCL  |b slo  |c SNKBUCL  |e AACR2 
041 0 |a slo 
044 |a xo  |c SK 
100 1 |a Gajdoš, Milan  |4 aut  |9 279718 
245 1 0 |a ANNO VERO MDCCXC INCENDIO SUPER TRISTE RUDO INSTAURAVIT ALEXANDER MADACH D MDCCXC  |c Milan Gajdoš 
773 0 |t Pamiatky a príroda : metodicko-odborný a informačný bulletin  |g Roč. 4, č. 5 (1973), s. 28 
954 |a odborná, vedecká literatúra pôvodná (slovenská)  |2 lita 
958 |a OND 
958 |a EUIPO 
958 |a article10 
999 |c 1905721  |d 1907651